História a súčasnosť atestačnej prípravy veterinárnych lekárov atestačná príprava II. stupňa II

Bibliographic Details
Main Author: Knežo, Jozef, 1948- (Author)
Format: Article
Language:Slovak
ISSN:1335-0099
Subjects:

MARC

LEADER 00000nab a2200000 a 4500
001 vtls009487402
003 SK-MaSNL
005 20260426085008.0
008 250506c2009 xo |||||||||||000 b|slo
015 |a SNBRB2009/03  |2 snkbucl 
035 |a (uuid)443bbb2b-28f3-446b-916c-50bf269524a3 
035 |a urn:nbn:sk:snk-ab148j 
035 |a (urnnbn)urn:nbn:sk:snk:ar-a03v3e 
038 |a SNKBUCL 
040 |a SNKBUCL  |b slo  |c SNKBUCL  |e AACR2 
041 0 |a slo 
044 |a xo  |c SK 
080 |a 378.2:636.09-051  |x (437.6)  |2 1997 
080 |a 636.09-051  |x (437.6)  |2 1997 
100 1 |a Knežo, Jozef,  |d 1948-  |4 aut  |9 184469 
245 1 0 |a História a súčasnosť atestačnej prípravy veterinárnych lekárov  |b atestačná príprava II. stupňa  |n II  |c Jozef Knežo 
650 0 7 |a veterinárni lekári  |2 snkbucl  |9 70095 
650 0 7 |a vzdelávanie  |2 snkbucl  |9 4033 
650 0 7 |a atestácie  |2 snkbucl  |9 25877 
651 7 |a Slovensko  |2 snkbucl  |9 14231 
773 0 |t Slovenský veterinársky časopis = Slovak veterinary journal  |g Roč. XXXIV, č. 1 (2009), s. 56  |x 1335-0099 
850 |a Slovenská národná knižnica 
852 |a Slovenská národná knižnica 
954 |a odborná, vedecká literatúra pôvodná (slovenská)  |2 lita 
958 |a article27 
958 |a SK 
958 |a OND 
958 |a EUIPO 
999 |c 2951113  |d 2953043